000 01873nam0a2200373 4500
001 RU\NLR\bibl\1748548
005 20250616115629.0
010 _a978-5-9984-0093-3
_950
021 _aRU
_b2011-13369
_9954
035 _a(nilc)LIBNET\0000110124
035 _a(NLR Aleph) 001739421
090 _a1449871
_c1449871
100 _a20110310d2010 |||y0rusy50 ca
101 0 _arus
102 _aRU
105 _ay |||||||||
200 1 _aМетодическое пособие по дисциплине "История и философия науки" для аспирантов и соискателей, работающих по программе подготовки к сдаче кандидатского экзамена
_fМ.Т. Андрюшенко
_gМ-во образования и науки РФ, Гос. образоват. учреждение высш. проф. образования владим. гос. ун-т
210 _aВладимир
_cВлГУ
_d2010
215 _a71,[1] с.
_d20
320 _aБиблиогр. в тексте
606 1 _aФилософия науки
_jУчебные издания для последипломного образования
_92167523
_3RU\NLR\AUTH\6601540803
606 1 _aНаука
_jУчебные издания для последипломного образования
_xИстория
_91659314
_3RU\NLR\auth\66735062
686 _a87.25я73
_vLBC/RL
_2rubbk
686 _aЧ21я73
686 _aЮ25я73
700 1 _aАндрюшенко
_bМ. Т.
_gМихаил Трофимович
_4070
801 0 _aRU
_bВладимирская ОУНБ
_c20110310
_grcr
801 1 _aRU
_bВладимирская ОУНБ
_c20110310
_grcr
_2rusmarc
801 2 _aRU
_bNLR
_c20110321
_grcr
942 _cBOOK
980 _aNB
980 _aNBR